00528nam a2200181 a 45000010010000000030011000100080041000210350026000620820017000881000019001052450022001242600041001466500022001879420012002099520090002219980020003119990015003310000-8959ELIB.Books110520 1994  a(ELIB.Books)0000-9108 a253.78 bFre aFreed, Paul E. aTower to Eternity bNew Jersey: Trans World Radio c1994 aPastoral Theology 2ddccBK 00102ddc4070aKBTSbKBTSd2011-05-20l0p9070r2022-01-22 00:00:00w2022-01-22yBK cbate2011-05-20 c8959d8959